Ενέργεια και αειφορία : το πρωτόκολλο του Κιότο στα αναπτυσσόμενα κράτη : πτυχιακή εργασία

Αποθηκεύτηκε σε:
Λεπτομέρειες βιβλιογραφικής εγγραφής
Κύριος συγγραφέας: Σωτηροπούλου, Μαρία
Συγγραφή απο Οργανισμό/Αρχή: Πανεπιστήμιο Αιγαίου. Σχολή Περιβάλλοντος. Τμήμα Περιβάλλοντος
Μορφή: Thesis Βιβλίο
Γλώσσα:Greek
Δημοσίευση: 2007.
Θέματα:
Διαθέσιμο Online:http://hdl.handle.net/11610/10151
Ετικέτες: Προσθήκη ετικέτας
Δεν υπάρχουν, Καταχωρήστε ετικέτα πρώτοι!

MARC

LEADER 00000cam a2200000 i 4500
001 1/102632
008 090313s2007 gre d
035 |l 10103739 
040 |a GR-MY-UA  |b gre  |e aacr 
041 0 |a gre 
082 0 |a 363.7387  |2 (22) 
100 1 |a Σωτηροπούλου, Μαρία. 
245 1 0 |a Ενέργεια και αειφορία :   |b το πρωτόκολλο του Κιότο στα αναπτυσσόμενα κράτη : πτυχιακή εργασία /   |c Σωτηροπούλου Μαρία ; υπεύθυνοι καθηγητές Χαραλαμπόπουλος Δ., Πολατίδης Η.  
260 |c 2007.  
300 |a 67+[7] σ. :   |b πιν., εικ. ;   |c 30 εκ.  
502 |a Πτυχιακή εργασία – Πανεπιστήμιο Αιγαίου, Λέσβος, 2007. 
504 |a Περιέχει βιβλιογραφία.  
610 2 0 |a United Nations Framework Convention on Climate Change (1992)  |x Protocols, etc.  |y 1997, Dec. 11. 
650 0 0 |a Sustainable development  |z Developing countries. 
650 0 0 |a Energy development  |z Developing countries. 
650 0 0 |a Energy policy  |z Developing countries. 
650 0 0 |a Global warming  |x Law and legislation  |z Developing countries. 
650 0 0 |a Dissertations, Academic  |z Greece. 
700 1 |a Πολατίδης, Ηρακλής,  |e dgs 
700 1 |a Χαραλαμπόπουλος, Δίας,  |e dgs 
710 2 |a Πανεπιστήμιο Αιγαίου.   |b Σχολή Περιβάλλοντος.   |b Τμήμα Περιβάλλοντος. 
852 |a INST  |b LESVOS  |c DIATR  |e 20090313  |h 1119  |p 005100044496  |q 005100044496  |t DIE  |y 23 
852 |a INST  |b LESVOS  |c DIATR  |e 20090313  |h 1120  |p 005100044497  |q 005100044497  |t DIE  |y 23 
856 |u http://hdl.handle.net/11610/10151 
901 |a BIBL1-2009-1 
909 |a Λ  |b 130110 
909 |a Λ  |b 130109 
924 |a ΣΩΤΗΡΟΠΟΥΛΟΥ  |b ΜΑΡΙΑ  |y ΛΕΣΒΟΣ  |z 2007-11 
970 |a ΤΖΑΦΕΡΗ  |b ΕΥΑΓΓΕΛΙΑ  |z 2009/03/13